00326 a2200109 4500001000900000005001700009008004100026245003100067100002400098773007700122999001700199ART_207620260410161722.0260409a 10aContabilidad y auditoría1 aGarcía, Sergio O.0 tAdministración de empresasg- Año XVII, Nº 202 (ene. 1987)wREV2036 c17093d17093